000 00590nam a2200205Ia 4500
003 OSt
005 20251203123847.0
008 220917b |||||||| |||| 00| 0 eng d
037 _cTB
040 _aARTS
_cARTS
_beng
041 _2eng
_aeng
084 _aQ42:3 M0
_qAL
100 _aGyatso G K
_975124
245 0 _aMeaningful to behold
_b view meditation and action in Mahayana Buddhism
260 _aEngland:
_bWisdom;
_c1980.
300 _axii, 351p.
_ccm.
650 _aRELIGION
_9854135
942 _hQ42:412, M0
_cTB
_2CC
_n0
999 _c188556
_d188556